书目信息 |
| 题名: |
滋补保健药膳食谱
|
|
| 作者: | 俞长芳 编著 | |
| 分册: | ||
| 出版信息: | 北京 轻工业出版社 1987.12 |
|
| 页数: | 318页 | |
| 开本: | 19cm | |
| 丛书名: | 家庭生活丛书 | |
| 单 册: | ||
| 中图分类: | R247.1 | |
| 科图分类: | 62.193 | |
| 主题词: | 食物疗法 , 食谱--中国 | |
| 电子资源: | ||
| ISBN: | 978-7-5019-0022-0 | |
| 000 | 00851oam2 2200289 450 | |
| 001 | 0188019259 | |
| 005 | 20130329124954.0 | |
| 010 | @a978-7-5019-0022-0@dCNY2.30 | |
| 091 | @a13042.102 | |
| 100 | @a20130329d1987 m y0chiy0110 ea | |
| 101 | 0 | @achi |
| 102 | @aCN@b110000 | |
| 105 | @ay z 000yy | |
| 106 | @ar | |
| 200 | 1 | @a滋补保健药膳食谱@9Zi Bu Bao Jian Yao Shan Shi;Si Pu @f俞长芳编著 |
| 210 | @a北京@c轻工业出版社@d1987.12 | |
| 215 | @a318页@d19cm | |
| 225 | 2 | @a家庭生活丛书@v6 |
| 330 | @a本书介绍了滋补药膳食谱307种,分菜肴、汤羹、甜点、药粥、饮料、药酒、蜜膏等8大类。 | |
| 461 | 0 | @12001 @a家庭生活丛书 |
| 606 | 0 | @a食物疗法 |
| 606 | 0 | @a食谱@y中国 |
| 690 | @aR247.1@v1980 | |
| 692 | @a62.193@v1974 | |
| 701 | 0 | @a俞长芳@9yu chang fang@4编著 |
| 801 | 0 | @aCN@b91MARC@c20130904 |
| 905 | @aBZT@dR247.1@e396@f1@sR247.1/396 | |
| 滋补保健药膳食谱/俞长芳编著.-北京:轻工业出版社,1987.12 |
| 318页;19cm.-(家庭生活丛书;6) |
| ISBN 978-7-5019-0022-0:CNY2.30 |
| 本书介绍了滋补药膳食谱307种,分菜肴、汤羹、甜点、药粥、饮料、药酒、蜜膏等8大类。 |
| ● |
| 相关链接 |
|
|
|
正题名:滋补保健药膳食谱
索取号:R247.1/396
 
预约/预借
| 序号 | 登录号 | 条形码 | 馆藏地/架位号 | 状态 | 备注 |
| 1 | 2000114494 | 2000114494 | 旧书回溯/ [索取号:R247.1/396] | 在馆 |